LEADER 01198nam a2200277 4500 001 000000358850 003 CaOOAMICUS 005 20240715091440.0 008 240715s2021 it 000 u ita r 020 $a978-88-6973-483-0 040 $aSeMil$bita 041 0 $aita$alat 100 1 $aAlighieri, Pietro,$d.$0(OLS)http://semarc/name/119923 240 10$aComentarium.$0(OLS)http://semarc/title/449243 245 03$a8: Comentum :$bredazione ashburnhamiano-barberiniana /$cPietro Alighieri ; a cura di Giuseppe Alvino. 264 1$aRoma :$bSalerno,$c2021. 300 $a2 v. (1290 p. compl.) ;$c25 cm 500 $aIn custodia 700 1 $aAlvino, Giuseppe,$d<1990- >.$0(OLS)http://semarc/name/119922 773 0 $tEdizione nazionale dei commenti danteschi.$dRoma : Salerno, 2003-$g8$w()358848 774 0 $tTomo 1.$dRoma : Salerno, 2021.$w()358852 774 0 $tTomo 2.$dRoma : Salerno, 2021.$w()358853 996 $6020$a978-88-6973-483-0$9(OLS)http://semarc/number/300643 996 $6245$a8: Comentum :$bredazione ashburnhamiano-barberiniana$9(OLS)http://semarc/title/449242 996 $6264$aRoma :$bSalerno$9(OLS)http://semarc/publisher/30165 LEADER 00975nam a2200241 i 4500 001 000000043406 003 CaOOAMICUS 005 20211118143257.0 008 090814s1966 gw u000 u ger u 013 $a14576 040 $aSeMil$bita 100 1 $aRatschow, Carl Heinz.$0(OLS)http://semarc/name/9777 245 10$aGott existiert :$beine dogmatische Studie /$cvon Carl Heinz Ratschow. 264 1$aBerlin :$bA. Töpelmann,$c1966. 300 $a87 p. ;$c22 cm. 490 1 $aTheologische Bibliothek Töpelmann ;$v12 650 4$aDio - Teologia.$0(OLS)http://semarc/subject/1408 830 0$aTheologische Bibliothek Töpelmann ;$v12.$0(OLS)http://semarc/title/29018 850 $aSeMil 852 $aSeMil$W1$xVenegono$y1$m2XA U 12$j232755$B239623$CSeMilBibl$Z2$F239623 $81 996 $6245$aGott existiert :$beine dogmatische Studie$9(OLS)http://semarc/title/63765 996 $6264$aBerlin :$bA. Töpelmann$9(OLS)http://semarc/publisher/39343